NCAA Logo #2 - Statistics

General Stats
  • This quiz has been taken 39 times
  • The average score is 14 of 16
Answer Stats
Picture Answer % Correct
Boise State
100%
Duke
100%
High Point
100%
Pepperdine
100%
Purdue
100%
Dayton
95%
Loyola Chicago
95%
San Diego
95%
East Tennessee State
90%
Omaha
90%
Albany
85%
Elon
80%
North Carolina A&T
80%
Virginia Military Institute
80%
Sacred Heart
65%
Siena
50%
No matching quizzes found
Score Distribution
Percent of People with Each Score
Percentile by Number Answered
Your Score History
You have not taken this quiz